| 000 | 00538nam a2200193 a 4500 | ||
|---|---|---|---|
| 001 | 1033 | ||
| 003 | CDMR | ||
| 005 | 20131031102059.0 | ||
| 008 | 130130s1977||||||||||||||||||||||||||||d | ||
| 020 | _a8433901346 | ||
| 040 |
_aCDMR _bcat _cCDMR |
||
| 100 | 1 |
_aWallraff, Günter _9263 |
|
| 245 | 1 | 3 |
_aEl periodista indeseable _cGünter Wallraff ; traducción Joaquín Jordá |
| 260 |
_aBarcelona _c1977 _bAnagrama |
||
| 300 | _a251 p. | ||
| 490 | 0 |
_aDocumentos Anagrama _v34 |
|
| 650 | 0 | 4 |
_94154 _aPeriodistes _xRelats personals |
| 942 |
_cMON _2udc |
||
| 999 |
_c1033 _d1033 |
||